| 000 | 00459nam a2200169Ia 4500 | ||
|---|---|---|---|
| 005 | 20250507125803.0 | ||
| 008 | 008 250505s9999 xx 000 0 kor d | ||
| 037 | _aAudio | ||
| 040 |
_aEASL _beng _cEASL |
||
| 041 |
_akor _2eng |
||
| 084 |
_aCD00141-150 _qEASL |
||
| 245 | 0 | _aHanguke Jeontongumak hanguke akgi = Korean musical instrument | |
| 490 | _vV. 2 | ||
| 650 | _aKorean | ||
| 942 |
_cAUD _hCD00141-150 |
||
| 999 |
_c1313121 _d1313121 |
||